000 01102nam0a22002891 4500
001 rc\4861792
005 20250613021832.0
021 _aRU
_b[61-60480]
035 _a(NLR Aleph) 008904937
090 _a8726792
_c8726792
100 _a20130426d1961 |||y0rusy50 ca
101 0 _arus
102 _aRU
105 _aa z |||||
200 1 _aПолюстровские домостроители
210 _aЛенинград
_cЛениздат
_d1961
215 _a48 с.
_cил.
_d17
225 1 _aМосква и Ленинград соревнуются
300 _aНа обл. авт. не указан
606 _aДомостроительные комбинаты
_xСоциалистическое соревнование
_yМосква
_2psbo
606 _aДомостроительные комбинаты
_xСоциалистическое соревнование
_yЛенинград
_2psbo
700 1 _aХотянов
_bС.Л.
_gСемен Лазаревич
801 0 _aRU
_bNLR
_gpsbo
801 1 _aRU
_bELAR
_2rusmarc
852 _aNLR
_j61-2/2324
942 _cBOOK
980 _aNB